00486nam a2200145Ia 4500003000900000008004100009020002600050040001600076100002500092245003500117260003200152300002000184490003300204856010300237IN-BaIIA211028s9999 xx s 000 0 eng d a9780819414083 (Print) cIIA Library aScheps, Richard, ed. 0aVisible and UV Lasersh[eBook] aWashington, USAbSPIEc1994 aOnline resource aProceedings of SPIE; V. 2115 uhttps://www.spiedigitallibrary.org/conference-proceedings-of-spie/2115yClick Here to Access eBook